A boy's will and North of Boston / (Registro nro. 12917)

Detalles MARC
000 -LIDER
fixed length control field 00732nam a22002177a 4500
003 - IDENTIFICACDOR DE NÚMERO DE CONTROL
control field DO-SdBNP
005 - DATE AND TIME OF LATEST TRANSACTION
control field 20171129152159.0
008 - ELEMENTOS DE LONGITUD FIJA
fixed length control field 171116b 1990 nyu ||||| |||| 00| 0 spa d
020 ## - ISBN
International Standard Book Number 0451524136
040 ## - FUENTE DE CATALOGACIÓN
Agencia que crea de manera original el registro BPMSU
Idioma de catalogación spa
Agencia que realiza la transcripción BPMSU
092 ## - LOCALLY ASSIGNED DEWEY DECIMAL CALL NUMBER
Número de clasificación xxxx
Número de ítem (Cutter) xxxx
100 1# - ASIENTO PRINCIPAL -- NOMBRE PERSONAL
Nombre personal Frost, Robert
245 10 - MENCIÓN DE TITULO
Título A boy's will and North of Boston /
Mención de responsabilidad by Robert Frost ; introduction by William H. Pritchard.
260 ## - PUBLICACIÓN, DISTRIBUCIÓN, ETC. (PIE DE IMPRENTA)
Lugar de publicación, distribución, etc New York :
Nombre del editor, distribuidor, etc. New American Library,
Fecha de publicación, distribución, etc 1990.
300 ## - DESCRIPCIÓN FÍSICA
Extensión 160 p. ;
Dimensiones 18 cm.
500 ## - NOTA GENERAL
Nota general Primera impresión clásica de Signet, enero de 1990.
700 12 - ASIENTO SECUNDARIO -- NOMBRE PERSONAL
Nombre personal Pritchard, William H.,
Mención de responsabilidad introd.
942 ## - ADDED ENTRY ELEMENTS (KOHA)
Source of classification or shelving scheme Dewey Decimal Classification
Koha item type Libros
945 ## - INFORMACIÓN DE PROCESAMIENTO LOCAL
Información de procesamiento local Inventariado extranjero / 2017 YL
956 ## - LOCAL ELECTRONIC LOCATION AND ACCESS (OCLC)
Nombre de host LOPEREZ
Número de acceso 10
Información de compresión 20171116
Procesador de solicitud 0041
Instrucción BPMSU
Existencias
Withdrawn status Lost status Source of classification or shelving scheme Damaged status Not for loan Collection code Home library Current library Date acquired Source of acquisition Total Checkouts Barcode Date last seen Price effective from Koha item type
    Dewey Decimal Classification     Colección General Biblioteca Pública Metropolitana Salomé Ureña Biblioteca Pública Metropolitana Salomé Ureña 11/16/2017 FUNDI   BPMSU17110225 11/16/2017 11/16/2017 Libros